Guthrie medicare products : Continuing the tradition in excellence (Record no. 60207)

MARC details
000 -LEADER
fixed length control field 00329nam a2200121Ia 4500
245 #0 - TITLE STATEMENT
Title Guthrie medicare products : Continuing the tradition in excellence
260 ## - PUBLICATION, DISTRIBUTION, ETC. (IMPRINT)
Name of publisher Rubber Asia
Year of publication 2002
300 ## - PHYSICAL DESCRIPTION
Number of Pages 116-119
650 ## - SUBJECT ADDED ENTRY--TOPICAL TERM
Topical Term Rubber glove
650 ## - SUBJECT ADDED ENTRY--TOPICAL TERM
Topical Term Surgical gloves
942 ## - ADDED ENTRY ELEMENTS (KOHA)
Koha item type Journals
Holdings
Withdrawn status Lost status Damaged status Not for loan Home library Current library Shelving location Date acquired Serial Enumeration / chronology Koha item type
      Journals RRII Library RRII Library Rubber general 17/12/2021 Volume 16, Issue 5 Journals